Report on medical certification of cause of death 2003 (Record no. 481299)

000 -LEADER
fixed length control field 00539cam a22001337a 4500
008 - FIXED-LENGTH DATA ELEMENTS--GENERAL INFORMATION
fixed length control field 180718b2009 xxu||||| |||| 00| 0 eng d
082 ## - DEWEY DECIMAL CLASSIFICATION NUMBER
Classification number O065x54 In2V/M
100 ## - MAIN ENTRY--PERSONAL NAME
Personal name Census of India 2001
245 ## - TITLE STATEMENT
Title Report on medical certification of cause of death 2003
260 ## - PUBLICATION, DISTRIBUTION, ETC.
Place of publication, distribution, etc. New Delhi
Name of publisher, distributor, etc. Office of the Registrar General and Census Commissioner, India, Ministry of Home Affairs
Date of publication, distribution, etc. 2009
300 ## - PHYSICAL DESCRIPTION
Extent 168+p.
650 ## - SUBJECT ADDED ENTRY--TOPICAL TERM
Topical term or geographic name entry element Vital statistics - India
700 ## - ADDED ENTRY--PERSONAL NAME
Personal name Office of the Registrar General and Census Commissioner, India, Ministry of Home Affairs
Holdings
Withdrawn status Lost status Damaged status Not for loan Permanent Location Current Location Date acquired Full call number Barcode Date last seen Price effective from Koha item type
        Indian Institute of Public Administration Indian Institute of Public Administration 2018-08-04 O065x54 In2V/M G21127 2018-08-04 2018-08-04 G

Powered by Koha